| 000 | 00684nam a2200205 a 4500 | ||
|---|---|---|---|
| 999 |
_c2063 _d2063 |
||
| 003 | BD-JhCC | ||
| 005 | 20171029124448.0 | ||
| 008 | 171029s1959 bg |||| ||a| 000 0 ben d | ||
| 035 | _a(BD-JhCC) | ||
| 040 |
_aBD-JhCC _dBD-JhCC |
||
| 041 | _aben | ||
| 082 |
_a891.4435 _bHAI 1959 |
||
| 100 | _aহাই, মুহম্মদ আবদুল | ||
| 245 |
_aতোষামোদ ও রাজনীতির ভাষা / _cমুহম্মদ আবদুল হাই |
||
| 260 |
_aঢাকা : _bগ্রেট বেংগল লাইব্রেরী, _c1959. |
||
| 300 |
_a209 p. : _c21 cm. |
||
| 650 | _aBengali Short Stories | ||
| 942 |
_2ddc _cBK |
||